UBT Library

Advanced mathematical concepts: (Record no. 1220)

000 -LEADER
fixed length control field 00491nam a22001697a 4500
008 - FIXED-LENGTH DATA ELEMENTS--GENERAL INFORMATION
fixed length control field 151002b xxu||||| |||| 00| 0 eng d
020 ## - INTERNATIONAL STANDARD BOOK NUMBER
International Standard Book Number 0028243145
041 0# - LANGUAGE CODE
Language code of text/sound track or separate title eng
080 ## - UNIVERSAL DECIMAL CLASSIFICATION NUMBER
Universal Decimal Classification number 510.2
245 10 - TITLE STATEMENT
Title Advanced mathematical concepts:
Statement of responsibility, etc Merrill.
260 ## -
-- Westerville, Ohio:
-- Glencoe McGraw-Hill Companies, Inc.
-- 1997.
300 ## -
-- 1024 f.:
-- me il.;
-- 26 cm.
650 #0 -
-- Matematika
650 #0 -
-- Aplikimet
650 #0 -
-- Prekalkulus
942 ## - ADDED ENTRY ELEMENTS (KOHA)
Source of classification or shelving scheme
Item type Books
Holdings
Withdrawn status Lost status Source of classification or shelving scheme Damaged status Not for loan Collection code Permanent location Current location Shelving location Date acquired Total Checkouts Full call number Barcode Date last seen Koha item type
          Koleksioni i përgjithshem UBT - Lipjan UBT - Lipjan Koleksioni i përgjithshem 10/02/2015   510.2 MER 002-008480 10/02/2015 Books
UBT Library © 2015-2024. All rights reserved University Education for Business and Technology